La deuda publica nacional / (Registro nro. 12826)
[ vista simple ]
| 000 -LEADER | |
|---|---|
| fixed length control field | 01278nam a2200253Ia 4500 |
| 003 - CONTROL NUMBER IDENTIFIER | |
| control field | OSt |
| 005 - DATE AND TIME OF LATEST TRANSACTION | |
| control field | 20211207103019.0 |
| 008 - FIXED-LENGTH DATA ELEMENTS--GENERAL INFORMATION | |
| fixed length control field | 210310s1972 ar gr 000 0 spa d |
| 040 ## - CATALOGING SOURCE | |
| Original cataloging agency | CO-JMCR |
| Transcribing agency | CO-JMCR |
| 041 0# - LANGUAGE CODE | |
| Language code of text/sound track or separate title | spa |
| 082 04 - DEWEY DECIMAL CLASSIFICATION NUMBER | |
| Classification number | 336.34330982 / |
| Item number | G216d |
| Edition number | 23 |
| 100 1# - MAIN ENTRY--PERSONAL NAME | |
| Personal name | García Vizcaino, José, |
| Relator term | autor |
| 9 (RLIN) | 29323 |
| 245 13 - TITLE STATEMENT | |
| Title | La deuda publica nacional / |
| Statement of responsibility, etc. | José García Vizcaíno |
| 260 ## - PUBLICATION, DISTRIBUTION, ETC. | |
| Place of publication, distribution, etc. | Buenod Aires, Argentina : |
| Name of publisher, distributor, etc. | Universitaria de Buenos Aires, |
| Date of publication, distribution, etc. | 1972. |
| 300 ## - PHYSICAL DESCRIPTION | |
| Extent | 261 páginas ; |
| Dimensions | 24 cm. |
| 490 0# - SERIES STATEMENT | |
| Series statement | Biblioteca de la Universidad ; |
| 490 0# - SERIES STATEMENT | |
| Series statement | Tratados de economía |
| 504 ## - BIBLIOGRAPHY, ETC. NOTE | |
| Bibliography, etc. note | Bibliografía : páginas 257-260. |
| 505 0# - FORMATTED CONTENTS NOTE | |
| Formatted contents note | Gastos públicos. -- Recursos financieros del estado. -- Crédito empréstito y deuda pública. -- La deuda pública nacional. -- Creación del endeudamiento externo. -- El emisionismo monetario. -- Régimen legal de la deuda pública. -- Expansión del endeudamiento. -- Desorden financiero. -- Reconstrucción financiera. -- Endeudamiento ilimitado. -- La conversión de la deuda pública en la argentina. -- Limites de la deuda pública. |
| 650 14 - SUBJECT ADDED ENTRY--TOPICAL TERM | |
| Topical term or geographic name entry element | Deuda pública |
| Geographic subdivision | Argentina |
| 9 (RLIN) | 41760 |
| 650 24 - SUBJECT ADDED ENTRY--TOPICAL TERM | |
| Topical term or geographic name entry element | Recursos financieros |
| Geographic subdivision | Argentina |
| 9 (RLIN) | 41761 |
| 650 24 - SUBJECT ADDED ENTRY--TOPICAL TERM | |
| Topical term or geographic name entry element | Endeudamiento externo |
| Geographic subdivision | Argentina |
| 9 (RLIN) | 41762 |
| 942 ## - ADDED ENTRY ELEMENTS (KOHA) | |
| Source of classification or shelving scheme | Dewey Decimal Classification |
| Koha item type | Books |
| Withdrawn status | Lost status | Source of classification or shelving scheme | Damaged status | Not for loan | Home library | Current library | Shelving location | Date acquired | Source of acquisition | Full call number | Barcode | Date last seen | Copy number | Price effective from | Koha item type |
|---|---|---|---|---|---|---|---|---|---|---|---|---|---|---|---|
| Dewey Decimal Classification | Biblioteca Pública José María del Castillo y Rada | Biblioteca Pública José María del Castillo y Rada | General Stacks | 04/15/2018 | Donación | 336.34330982 / G216d | 201811735 | 05/16/2024 | Ej.1 | 03/10/2021 | Books |